书目信息 |
| 题名: |
装配式混凝土结构连接节点构造及构件图集
|
|
| 作者: | ;华东建筑集团股份公司 , 上海城建物资公司 主编 | |
| 分册: | ||
| 出版信息: | 上海 同济大学出版社 2024.09 |
|
| 页数: | 84页 | |
| 开本: | 19x26cm | |
| 丛书名: | 上海市建筑标准设计 | |
| 单 册: | ||
| 中图分类: | TU37-65 | |
| 科图分类: | ||
| 主题词: | 装配式混凝土结构--zhuang pei shi hun ning tu jie gou--建筑构造--标准--上海--图集 | |
| 电子资源: | ||
| ISBN: | 978-7-5765-1336-3 | |
| 000 | 01323nam0 2200289 450 | |
| 001 | 90885 | |
| 005 | 20250816133828.94 | |
| 010 | @a978-7-5765-1336-3@dCNY60.00 | |
| 094 | @aCN@bDBJT 08-121-2024 | |
| 100 | @a20241106d2024 em y0chiy50 ea | |
| 101 | 0 | @achi |
| 102 | @aCN@b310000 | |
| 105 | @aa l 000yy | |
| 106 | @ar | |
| 200 | 1 | @a装配式混凝土结构连接节点构造及构件图集@Azhuang pei shi hun ning tu jie gou lian jie jie dian gou zao ji gou jian tu ji |
| 210 | @a上海@c同济大学出版社@d2024.09 | |
| 215 | @a84页@c图@d19x26cm | |
| 225 | 2 | @a上海市建筑标准设计@Ashang hai shi jian zhu biao zhun she ji |
| 300 | @a上海市住房和城乡建设管理委员会发布 2024-06-4-11发布 2024-10-01实施 | |
| 314 | @a版权页题: 华东建筑集团股份有限公司、上海城建物资有限公司主编 | |
| 330 | @a本图集所示构件与连接节点构造, 仅适用于上海地区新建、扩建或改建的采用装配式混凝土结构体系的建筑项目。当用于其他地区或其他结构类型时, 应对其技术及经济可行性进行专项研究。 | |
| 606 | 0 | @a装配式混凝土结构@Azhuang pei shi hun ning tu jie gou@x建筑构造@x标准@y上海@j图集 |
| 690 | @aTU37-65@v5 | |
| 711 | 02 | @a华东建筑集团股份公司@Ahua dong jian zhu ji tuan gu fen you xian gong si@4主编 |
| 711 | 02 | @a上海城建物资公司@Ashang hai cheng jian wu zi you xian gong si@4主编 |
| 801 | 0 | @aCN@c20250909 |
| 905 | @a河南城建学院图书馆@dTU37-65@eH665@f1 | |
| 装配式混凝土结构连接节点构造及构件图集.-上海:同济大学出版社,2024.09 |
| 84页:图;19x26cm.-(上海市建筑标准设计) |
| 上海市住房和城乡建设管理委员会发布 2024-06-4-11发布 2024-10-01实施 |
| ISBN 978-7-5765-1336-3:CNY60.00 |
| 本图集所示构件与连接节点构造, 仅适用于上海地区新建、扩建或改建的采用装配式混凝土结构体系的建筑项目。当用于其他地区或其他结构类型时, 应对其技术及经济可行性进行专项研究。 |
| ● |
| 相关链接 |
|
|
|
正题名:装配式混凝土结构连接节点构造及构件图集
索取号:TU37-65/H665
 
预约/预借
| 序号 | 登录号 | 条形码 | 馆藏地/架位号 | 状态 | 备注 |
| 1 | 1624847 | 216248479 | 建筑库101/101建筑库 86排3列1层/ [索取号:TU37-65/H665] | 在馆 |